| 000 | 00687nam a22002177a 4500 | ||
|---|---|---|---|
| 003 | URS | ||
| 005 | 20220114171936.0 | ||
| 008 | 180625b xxu||||| |||| 00| 0 eng d | ||
| 020 | _a9789810696443 | ||
| 050 | 1 | 4 |
_aTK 7885 _bC579 2011 |
| 100 | 1 |
_aCisco Networking Academy, _d2011- _eauthor |
|
| 245 | 1 | 0 |
_aIT essentials : _bpc hardware and software companion guide / _cCisco Networking Academy. |
| 250 | _a4th edition | ||
| 264 | 1 |
_aIndianapolis: _bCisco Press, _c©2011. |
|
| 300 |
_axxxix, 739 pages : _billustrations; _c23 cm |
||
| 336 |
_2rdacontent _atext |
||
| 336 |
_2rdacontent _astill image |
||
| 337 |
_2rdamedia _aunmediated |
||
| 338 |
_2rdacarrier _avolume |
||
| 942 |
_2lcc _cFR |
||
| 999 |
_c15240 _d15240 |
||